Music Acts - G - Statistics

General Stats
  • This quiz has been taken 41 times
  • The average score is 6 of 15
Answer Stats
Hint Answer % Correct
Basket Case, Wake Me Up When September Ends (US) Green Day
92%
Never Can Say Goodbye, I Will Survive (US) Gloria Gaynor
89%
Faith, A Different Corner (UK) George Michael
79%
All Those Years Ago, My Sweet Lord (UK) George Harrison
74%
Follow You Follow Me, Abacab (UK) Genesis
58%
We Close Our Eyes, King Of Wishful Thinking (UK) Go West
29%
No Good Advice, The Promise (UK/Ireland) Girls Aloud
21%
Go Away, Anything For You (US) Gloria Estefan
21%
Love x Love, Never Give Up A Good Thing (US) George Benson
18%
Anyone Of Us (Stupid Mistake), What My heart Wants To Say (UK) Gareth Gates
13%
King Rocker, Valley Of The Dolls (UK) Generation X
13%
I Like It, How Do You Do It (UK) Gerry And The Pacemakers
13%
I Love You I'm Sorry, That's So True (US) Gracie Abrams
13%
Sailor Song, Fable (US) Gigi Perez
11%
Angel Face, Goodbye My Love (UK) Glitter Band
11%
No matching quizzes found
Score Distribution
Percent of People with Each Score
Percentile by Number Answered
Your Score History
You have not taken this quiz